000
00459nam a2200181Ia 4500
008
151018s9999 xx 000 0 und d
082
_b
RBASDV22309
_a
891.433
100
_a
राजहंस
245
_a
अभिमान
250
_b
4
260
_b
रुमानी
_c
1974
300
_a
123
600
_a
राजहंस
630
_a
अभिमान
700
_a
राजहंस
730
_a
अभिमान
942
_c
BOOK
999
_c
1021979
_d
1021976